000 00294nam a22001457a 4500
008 221118b ||||| |||| 00| 0 eng d
020 _a0807101028
041 _aeng
080 _a30
082 _a30
100 _a31
101 _aHIS
245 _aPLATO
_cERIC VOEGELIN
942 _2udc
_cBK
999 _c58952
_d58952